Estadísticas para Máximos goleadores de la Ligue 1 2012-2013

Haz click aquí para intentar la prueba.

Estadísticas generales

  • Esta prueba ha sido intentada 15 veces
  • La puntuación promedio es 2 de 10

Estadísticas de respuestas

GolesNacionalidadEquipoJugador% Correcto
30SueciaParís Saint-GermainZlatan Ibrahimović
100%
19GabónSaint-ÉtiennePierre Emerick Aubameyang
86%
14Costa de MarfiLille OSCSalomon Kalou
14%
13FranciaMarsellaAndré-Pierre Gignac
7%
19ArgentinaNizaDarío Cvitanich
7%
15FranciaToulouse FCWissam Ben Yedder
7%
15FranciaSC BastiaAnthony Modeste
0%
16FranciaOlympique de LyonBafétimbi Gomis
0%
15FranciaLorientJérémie Aliadière
0%
13TúnezÉvianSaber Khelifa
0%

Distribución de puntuación

Porcentaje por número respondido

Porcentaje de gente con cada puntuación

Historial de tus puntuaciones

No has intentado esta prueba.